Математическая модель индуктивного делителя напряжения с электронной компенсацией; Известия Томского политехнического университета [Известия ТПУ]; Т. 317, № 4: Энергетика

Detaylı Bibliyografya
Parent link:Известия Томского политехнического университета [Известия ТПУ]/ Томский политехнический университет (ТПУ).— , 2000-
Т. 317, № 4: Энергетика.— 2010.— [С. 129-133]
Yazar: Заревич А. И. Антон Иванович
Diğer Yazarlar: Муравьев С. В. Сергей Васильевич
Özet:Заглавие с титульного листа
Электронная версия печатной публикации
Приведены результаты математического моделирования декадного индуктивного делителя напряжения с электронной компенсацией тока в первичной обмотке. Показано, что использование метода компенсации сокращает длительность переходных процессов в индуктивном делителе напряжения, снижает ток в первичной обмотке, что уменьшает погрешности в области нижних частот связанные с потерями на намагничивание сердечника.
Dil:Rusça
Baskı/Yayın Bilgisi: 2010
Seri Bilgileri:Энергетика
Konular:
Online Erişim:http://www.lib.tpu.ru/fulltext/v/Bulletin_TPU/2010/v317/i4/28.pdf
Materyal Türü: MixedMaterials Elektronik Kitap Bölümü
KOHA link:https://koha.lib.tpu.ru/cgi-bin/koha/opac-detail.pl?biblionumber=192934

MARC

LEADER 00000nla2a2200000 4500
001 192934
005 20240122114235.0
035 |a (RuTPU)RU\TPU\book\210364 
035 |a RU\TPU\book\210362 
090 |a 192934 
100 |a 20110311d2010 k y0rusy50 ca 
101 0 |a rus 
102 |a RU 
135 |a drnn ---uucaa 
181 0 |a i  
182 0 |a b 
200 1 |a Математическая модель индуктивного делителя напряжения с электронной компенсацией  |f А. И. Заревич, С. В. Муравьев 
203 |a Текст  |c электронный 
215 |a 1 файл (116 Кб) 
225 1 |a Энергетика 
300 |a Заглавие с титульного листа 
300 |a Электронная версия печатной публикации 
320 |a [Библиогр.: с. 133 (8 назв.)] 
330 |a Приведены результаты математического моделирования декадного индуктивного делителя напряжения с электронной компенсацией тока в первичной обмотке. Показано, что использование метода компенсации сокращает длительность переходных процессов в индуктивном делителе напряжения, снижает ток в первичной обмотке, что уменьшает погрешности в области нижних частот связанные с потерями на намагничивание сердечника. 
337 |a Adobe Reader 
461 1 |0 (RuTPU)RU\TPU\book\176237  |t Известия Томского политехнического университета [Известия ТПУ]  |f Томский политехнический университет (ТПУ)  |d 2000- 
463 1 |0 (RuTPU)RU\TPU\book\210108  |t Т. 317, № 4: Энергетика  |v [С. 129-133]  |d 2010  |p 196 с. 
610 1 |a напряжение 
610 1 |a индуктивные делители 
610 1 |a линейные преобразования 
610 1 |a переходные процессы 
610 1 |a динамические характеристики 
610 1 |a метрология 
610 1 |a труды учёных ТПУ 
610 1 |a электронный ресурс 
700 1 |a Заревич  |b А. И.  |c российский ученый, специалист в области компьютерных измерительных систем  |c доцент Томского политехнического университета, кандидат технических наук  |f 1977-  |g Антон Иванович  |3 (RuTPU)RU\TPU\pers\27983 
701 1 |a Муравьев  |b С. В.  |c специалист в области контрольно-измерительной техники  |c профессор Томского политехнического университета, доктор технических наук  |f 1954-  |g Сергей Васильевич  |3 (RuTPU)RU\TPU\pers\27989  |9 12979 
801 1 |a RU  |b 63413507  |c 20090623  |g PSBO 
801 2 |a RU  |b 63413507  |c 20211224  |g PSBO 
856 4 |u http://www.lib.tpu.ru/fulltext/v/Bulletin_TPU/2010/v317/i4/28.pdf 
942 |c CF